| 000 | nam a22 7a 4500 | ||
|---|---|---|---|
| 999 |
_c104980 _d104979 |
||
| 005 | 20200313101447.0 | ||
| 008 | 200310b ||||| |||| 00| 0 eng d | ||
| 020 | _a9788192828787 | ||
| 080 |
_a89M.09 _bADI |
||
| 245 |
_aAdithyanum radhayum mattuchilarum (ആദിത്യനും രാധയും മറ്റുചിലരും) _bnovel patanangal |
||
| 260 |
_aCalicut _bHritham _c 2017 |
||
| 300 | _a114p. | ||
| 653 | _aMalayalam Literature study | ||
| 700 | _aPrathapan, Thayat ed. by | ||
| 942 | _cBK | ||